000 00580nam a22001817a 4500
005 20170818113335.0
010 _aENG-119872
020 _a9789352671939
_c400.00
035 _aEN-103404
037 _bDBAD/PUB
082 _a025.04
245 _aDigitel resource management :
_cedited by N. Laxman Rao...[et...al]
_bpapers of the national seminar /
260 _aTelangana
_bTelangana Library Associan
_c2016
270 _aTelangana
_b (Hyderabad)
_e206
300 _aix,189p. :
_c24cm (pbk)
_bill
700 _aRao,N. Laxman
942 _2ddc
_cEN
_h025.04
_mDIG
999 _c143534
_d143534